000 00302nam a22001337a 4500
020 _a92-5-102869-9
041 _aENG
100 _aSheng.T.C
245 _aSoil Conservation For Small Faemers In The humid Tropics
260 _aRome
_bFAO
_c1989
300 _a104
650 _aFAO
856 _uFAO (01)
999 _c2374
_d2374